| 000 | 00477nam a22001457a 4500 | ||
|---|---|---|---|
| 999 |
_c130607 _d130607 |
||
| 008 | 201030b ||||| |||| 00| 0 eng d | ||
| 050 | _aSPC DT1.T46 M335 | ||
| 100 |
_aCloudius, Marike _950140 |
||
| 245 |
_aThe Zimbabwean education system is "inclusive" yet "exclusive". _c/ by Marike Cloudius |
||
| 260 |
_aHarare: _bArrupe Jesuit University, _c2019. |
||
| 300 |
_aiv, 75p. ; _c30cm. |
||
| 521 | _aThesis | ||
| 650 |
_aEducation _zZimbabwe _927081 |
||
| 942 |
_2lcc _cMONOGRAPH |
||